00466nam a2200145Ia 450000500170000000800410001702000180005808200130007610000250008924500610011426000290017530000260020450000640023065000260029420250117103553.0250117s9999 xx 000 0 und d a9780821346006 a353.4KLI aKlitgaard, Robert E. 0aCorrupt citiesba practical guide to cure and prevention aOaklandbICS Pressc2000 axiii, 162 p. ; 23 cm. aIncludes bibliographical references (p. 151-156) and index. aMunicipal government.